=LDR 00000nam 2200000 4500 =001 INLIS000000000046402 =005 20200309070702 =035 ##$$a 0010-031500000000174 =008 200309################g##########0#ind## =020 ##$$a 978-979-1193-46-7 =040 ##$$a NBPDMAT =082 ##$$a 297.64 =090 ##$$a 297.64 $b Sye d =100 ##$$a Syekh Fuad Kazhim Miqdadi =245 1#$$a Demi kemaslahatan islam : $b Peran keluarga suci nabi saw dan madrasahnya /$c Syekh Fuad Kazhim Miqdadi; Penerjemah: Musa Muzauwir =260 ##$$a jakarta :$b Nur- Al-Huda,$c 2014 =300 ##$$a ix, 571 hlm, ; $c 24 x 15 cm =500 ##$$a Bibliografi : hlm. 565-571 =084 ##$$a 297.64 SYE d =650 #4$$a Keluarga Nabi =990 ##$$a 31500154 =990 ##$$a 31500155